| 000 | 00981nam a2200229Ii 4500 | ||
|---|---|---|---|
| 003 | JO-AjNU | ||
| 008 | 230605s9999||||xx |||||||||||||| ||und|| | ||
| 017 | _a2018/7/3551 | ||
| 020 | _a978- 9923- 15- 008- 0 | ||
| 040 |
_aJO-AjNU _bara _erda _cJO-AjNU |
||
| 041 | _aara | ||
| 050 | 1 | 4 | _aK5210 2020 |
| 100 | 3 |
_aالحداد، محمد بكر , _eauthor _959174 |
|
| 245 | 0 | 0 | _aالمسؤولية الجزائية للقنوات الفضائية عن جرائم الذم والقدح والتحقير |
| 250 | _aط1 | ||
| 264 | 3 | 1 | _aعمان: الدار العلمية الدولية للنشر والتوزيع؛ دار الثقافة للنشر والتوزيع، 2020 |
| 300 |
_a248ص _bيحنوي على مصادر مرجعية من ص227- 248 يحتوي على مجموعة الرسائل الجامعية |
||
| 336 |
_atext _btxt _2rdacontent |
||
| 337 |
_aunmediated _bn _2rdamedia |
||
| 338 |
_avolume _bnc _2rdacarrier |
||
| 650 | 4 |
_aالقذف- قوانين _959175 |
|
| 999 |
_aA26615 _c30183 _d30183 |
||